Aadikailas-Chathurdhaam yaathrakal(ആദികൈലാസ് - ചതുർധാം യാത്രകൾ) (Record no. 114567)

MARC details
000 -LEADER
fixed length control field 00508 a2200157 4500
005 - DATE AND TIME OF LATEST TRANSACTION
control field 20250912153257.0
008 - FIXED-LENGTH DATA ELEMENTS--GENERAL INFORMATION
fixed length control field 250618b |||||||| |||| 00| 0 eng d
020 ## - INTERNATIONAL STANDARD BOOK NUMBER
International Standard Book Number 9788119801510
080 ## - UNIVERSAL DECIMAL CLASSIFICATION NUMBER
Universal Decimal Classification number 89M-992
Item number ASH/A
100 ## - MAIN ENTRY--PERSONAL NAME
Personal name Asha Sasikumar
245 ## - TITLE STATEMENT
Title Aadikailas-Chathurdhaam yaathrakal(ആദികൈലാസ് - ചതുർധാം യാത്രകൾ)
260 ## - PUBLICATION, DISTRIBUTION, ETC. (IMPRINT)
Name of publisher, distributor, etc Paridhi publications
Place of publication, distribution, etc Thiruvanthapuram
Date of publication, distribution, etc 2023.
300 ## - PHYSICAL DESCRIPTION
Extent 188p.
653 ## - INDEX TERM--UNCONTROLLED
Uncontrolled term Travelogue-Malayalam Literature
942 ## - ADDED ENTRY ELEMENTS (KOHA)
item type Under processing
Holdings
Lost status Source of classification or shelving scheme Not for loan Home library Current library Date acquired Cost, normal purchase price Total Checkouts Total Renewals Full call number Barcode Date last seen Date checked out Cost, replacement price Price effective from Koha item type
  Universal Decimal Classification   University Library University Library 05/03/2025 180.01 2 1 89M-992 ASH/A 00096959 05/01/2026 06/12/2025 270.00 05/03/2025 Books
University Library, CUSAT